[Event "Napoli Spring Cup 1st"]
[Site "Napoli"]
[Date "2017.04.13"]
[Round "6"]
[White "Lombardo, Michele"]
[Black "Castellano, Riccardo"]
[Result "1-0"]
[WhiteElo "2082"]
[BlackElo "1735"]
[PlyCount "41"]
[EventDate "2017.03.09"]
[EventType "swiss"]
[EventRounds "6"]
[EventCountry "ITA"]
[SourceTitle "EXT 2018"]
[Source "ChessBase"]
[SourceDate "2017.10.13"]
[SourceVersion "1"]
[SourceVersionDate "2017.10.13"]
[SourceQuality "1"]

1. e4 c5 2. Nc3 g6 3. g3 Bg7 4. d3 Nc6 5. Be3 d6 6. Qd2 Rb8 7. Bg2 b5 8. f4 b4 9. Nd1 e5 10. f5 gxf5 11. exf5 Nd4 12. Bxd4 cxd4 13. Qf2 h5 14. Ne2 Nh6 15. Bc6+ Kf8 16. f6 Qxf6 17. Qg2 Nf5 18. Rf1 Qh6 19. Bd5 Be6 20. Bxe6 Qxe6 21. Qh3 1-0

[Event "Napoli Trofeo Caissa 2nd"]
[Site "Napoli"]
[Date "2016.12.15"]
[Round "6"]
[White "Castellano, Riccardo"]
[Black "Ficco, Corrado"]
[Result "0-1"]
[WhiteElo "1660"]
[BlackElo "2030"]
[PlyCount "72"]
[EventDate "2016.11.03"]
[EventType "swiss"]
[EventRounds "7"]
[EventCountry "ITA"]
[SourceTitle "EXT 2018"]
[Source "ChessBase"]
[SourceDate "2017.10.13"]
[SourceVersion "1"]
[SourceVersionDate "2017.10.13"]
[SourceQuality "1"]

1. e4 c5 2. Nf3 e6 3. d4 cxd4 4. Nxd4 Nf6 5. Nc3 Nc6 6. a3 a6 7. Be3 Qc7 8. f4 d6 9. Be2 Be7 10. Qd2 0-0 11. 0-0-0 Nxd4 12. Bxd4 e5 13. Be3 b5 14. f5 Bb7 15. Bf3 Rfd8 16. g4 d5 17. Nxd5 Bxd5 18. exd5 e4 19. Bg2 Rac8 20. Bf4 Qc4 21. d6 Bxd6 22. Bxd6 Rxd6 23. Qc3 Qxc3 24. bxc3 Rdc6 25. g5 Rxc3 26. gxf6 Rxc2+ 27. Kb1 Rxg2 28. Rhg1 Rxg1 29. Rxg1 g6 30. fxg6 fxg6 31. Re1 Re8 32. Kc2 Kf7 33. Kc3 e3 34. Kd3 e2 35. Rxe2 Rxe2 36. Kxe2 Kxf6 0-1

[Event "Napoli Moscarella Memorial"]
[Site "Napoli"]
[Date "2016.01.14"]
[Round "2"]
[White "Giovine, Massimo"]
[Black "Castellano, Riccardo"]
[Result "0-1"]
[WhiteElo "1651"]
[BlackElo "1440"]
[PlyCount "120"]
[EventDate "2016.01.07"]
[EventType "swiss"]
[EventRounds "6"]
[EventCountry "ITA"]
[SourceTitle "EXT 2018"]
[Source "ChessBase"]
[SourceDate "2017.10.13"]
[SourceVersion "1"]
[SourceVersionDate "2017.10.13"]
[SourceQuality "1"]

1. d4 d5 2. e3 Nc6 3. c4 e6 4. a3 a5 5. Nc3 Nf6 6. Nf3 Be7 7. Qc2 0-0 8. Bd3 dxc4 9. Bxc4 b6 10. 0-0 Bb7 11. Bd3 h6 12. Bd2 Re8 13. Rac1 Bf8 14. Ne4 Na7 15. Nxf6+ Qxf6 16. e4 c5 17. Bc3 cxd4 18. Bxd4 Qd8 19. Qb3 Bc5 20. Bxc5 bxc5 21. Rxc5 Rb8 22. Qc2 Rc8 23. b4 Rxc5 24. bxc5 Qc7 25. Rc1 Nc6 26. Bb5 Rc8 27. Qe2 Qf4 28. Qc4 Na7 29. a4 Qxe4 30. Qxe4 Bxe4 31. Ne5 f6 32. f3 Bd5 33. Nd3 e5 34. Kf2 Kf7 35. Ke3 Ke6 36. g3 Bb7 37. Bc4+ Kd7 38. Bb5+ Ke6 39. c6 Bxc6 40. Nc5+ Kd6 41. Nb3 Bxb5 42. Rxc8 Nxc8 43. axb5 a4 44. Na1 Kc5 45. Kd3 Kxb5 46. Kc3 Nb6 47. Nc2 Nd5+ 48. Kb2 g6 49. Ka3 f5 50. Ne1 Ne3 51. h3 e4 52. fxe4 fxe4 53. g4 Nc4+ 54. Ka2 a3 55. Nc2 e3 56. Nd4+ Ka4 57. h4 Ne5 58. g5 h5 59. Nc2 e2 60. Kb1 Nd3 0-1